000 00454nam a2200181Ia 4500
008 100917s9999 xx 000 0 und d
082 _b28142
100 _aगुर्जर वसंत द.
245 _aअरण्य
260 _bवाचा प्रकाशन
300 _a80
365 _b6
520 _aकविता
630 _aअरण्य
650 _aकविता
730 _aअरण्य
942 _cBOOK
999 _c633536
_d633533